00520nam a2200193 a 4500001001300000003000900013005001700022008004100039020000900080082001600089100002000105245002900125260002800154300000800182500003500190505006500225650001600290700002000306nice12345678IN_TiNIC20260116013356.0050524s1968 dela grp 000 0 eng  ac1400a297.93bEFF aEffendi, Shoghi aAdvent of Divine Justice aDelhibBahri Pub.c1968 a90p aincludes index and biblioraphy2 aEnglish Rendering Muhammad Akbnar Muradpuri, Abul Aziz Kamal aBahai Faith1 aEffendi, Shoghi